000 00702nam a2200241Ia 4500
005 20260601193223.0
008 260601s9999||||xx |||||||||||||| ||und||
020 _a978-981-99-8718-4
_qebk
100 _aAbdulaziz Al Ali
245 0 _aSocial Robotics
250 _a1st ed. 2024
260 _aHeidelberg, Germany
_bSpringer Nature
_c2024
440 _aLecture Notes in Computer Science
650 _aComputer Science
700 _aHongsheng He
700 _aJohn-John Cabibihan
700 _aNader Meskin
700 _aShuzhi Sam Ge
700 _aSilvia Rossi
700 _aWanyue Jiang
856 _uhttps://link.springer.com/openurl?genre=book&isbn=978-981-99-8718-4
942 _cEB
_2ddc
999 _c55855
_d55855